| 000 | 01086nam0a22002531 4500 | ||
|---|---|---|---|
| 001 | rc\4784513 | ||
| 005 | 20260407114509.0 | ||
| 021 |
_aRU _b[64-97900] |
||
| 035 | _a(NLR Aleph) 009031521 | ||
| 090 |
_a9492445 _c9492445 |
||
| 100 | _a20130417d1964 |||y0rusy50 ca | ||
| 101 | 0 | _arus | |
| 102 | _aRU | ||
| 105 | _ay z ||||| | ||
| 200 | 1 |
_aО некоторых вопросах художественного оформления детского сада _eМетод. письмо _fМ-во просвещения УССР. Респ. науч.-метод. кабинет дошкольного воспитания |
|
| 210 |
_aКиев _cРад. школа _d1964 |
||
| 215 |
_a35 с. _d20 |
||
| 606 |
_aДетские сады _xОформление _2psbo |
||
| 712 | 0 | 2 |
_aУкраинский республиканский научно-методический кабинет дошкольного воспитания _cКиев _9634634 _3RU\NLR\AUTH\8810066506 |
| 801 | 0 |
_aRU _bNLR _gpsbo |
|
| 801 | 1 |
_aRU _bELAR _2rusmarc |
|
| 852 |
_aNLR _j64-4/21605 |
||
| 942 | _cBOOK | ||
| 980 | _aNB | ||